| 000 | 00714nam a22002177a 4500 | ||
|---|---|---|---|
| 005 | 20090811141035.0 | ||
| 008 | 090811t xxu||||| |||| 00| 0 eng d | ||
| 010 | _aENG-94722 | ||
| 020 |
_a9788126713349 _c350.00 |
||
| 035 | _aEN-78255 | ||
| 037 | _bDBAD / PUB | ||
| 040 |
_adpl _bEnglish |
||
| 082 | _aN | ||
| 100 | _aHarte, Lara | ||
| 245 |
_aHonour bound _cby Lara Harte |
||
| 260 |
_aNew Delhi _bBanyan Tree Books _c2007 |
||
| 270 |
_a7/31, Ansari Road, Daryaganj _bNew Delhi _e110002 |
||
| 300 |
_a558p. _c22cm(pbk) |
||
| 942 |
_2ddc _cEN _mHAR _hN |
||
| 999 |
_c29133 _d29133 |
||